| 000 | 00395nam a22001577a 4500 | ||
|---|---|---|---|
| 999 |
_c532514 _d532514 |
||
| 003 | NUST | ||
| 005 | 20191122122805.0 | ||
| 008 | 191122b ||||| |||| 00| 0 eng d | ||
| 038 | _aMSOHAIL | ||
| 082 | _a0 | ||
| 100 |
_aDr.M.R.Sharma _926083 |
||
| 245 | _aFundamentals of Construction Planning .......... \ | ||
| 260 |
_aNew Delhi _bS.K. Kateria _cc2014 |
||
| 300 | _ap;234 | ||
| 942 |
_2ddc _cBK |
||